18. slovenské geodetické dni : zborník referátov, Holliday Inn, Žilina, Slovensko, 11. - 12. november 2010 /

Gespeichert in:
Bibliographische Detailangaben
Körperschaften: Slovenská spoločnosť geodetov a kartografov, SSGK (Bratislava, Slovensko) člen ZSVTS (UrheberIn), Slovenské geodetické dni
Weitere Verfasser: Kopáčik, Alojz 1958- (HerausgeberIn), Lipták, Imrich (HerausgeberIn)
Format: Tagungsbericht Buch
Sprache:Slowakisch
Veröffentlicht: Bratislava : Komora geodetov a kartografov, 2010
Ausgabe:1. vyd.
Schlagworte:
ISBN:9788096980963
Online-Zugang: Volltext
Tags: Tag hinzufügen
Keine Tags, Fügen Sie den ersten Tag hinzu!

MARC

LEADER 00000nam a2200000 4500
003 SK-BrCVT
005 20220621164535.0
006 m e 000 0
007 ta
008 101217s2010 xo e 000 0slo d
020 |a 9788096980963 
035 |a CVTIDW0004932 
040 |b slo  |c CVTISR  |a CVTI SR  |e AACR2 
041 0 |a slo 
044 |a xo  |c SK 
080 |a 528(437.6)  |2 2008 
110 2 |a Slovenská spoločnosť geodetov a kartografov, SSGK (Bratislava, Slovensko)  |b člen ZSVTS  |4 org 
245 1 4 |a 18. slovenské geodetické dni :  |b zborník referátov, Holliday Inn, Žilina, Slovensko, 11. - 12. november 2010 /  |c Slovenská spoločnosť geodetov a kartografov ; editori: Alojz Kopáčik, Imrich Lipták  |h [elektronický zdroj] 
250 |a 1. vyd. 
260 |a Bratislava :  |b Komora geodetov a kartografov,  |c 2010 
300 |a 1 CD-ROM ;  |c 13 cm 
500 |a Názov z CD-ROM-u a titulnej obrazovky 
516 |a Textový dokument 
538 |a Technické požiadavky: Internet Explorer 
651 7 |a Slovensko  |2 CVTISR 
653 1 |a geodézia 
653 1 |a kartografia 
653 1 |a mobilné mapovanie 
653 1 |a statické meranie 
653 1 |a laserové skenovanie 
655 7 |a kompaktné disky (CD)  |2 SNKPH 
655 7 |a zborníky  |2 SNKPH 
700 1 |a Kopáčik, Alojz  |d 1958-  |4 edt 
700 1 |a Lipták, Imrich  |4 edt 
711 2 |a Slovenské geodetické dni  |d 11. - 12. november 2010 :  |c Holliday Inn, Žilina, Slovensko) 
852 |a CVTISR  |b 1 
910 |b V002761  |b Z000667 
919 |a 978-80-969809-6-3 
959 |a 06 
974 |a maria.Geracsekova  |f Knihy 
992 |a JDC 
992 |a AZN 
999 |c 163954  |d 163954